[Event "WYCC 2018 O18"]
[Site "Halkidiki"]
[Date "2018.10.21"]
[Round "2"]
[White "Gonzalez Carrillo, Javier Omar"]
[Black "Ozates, Tuna"]
[Result "1/2-1/2"]
[WhiteElo "2031"]
[BlackElo "2225"]
[Annotator "NA"]
[PlyCount "115"]
[EventDate "2018.10.20"]
[EventType "swiss"]
[EventCountry "GRE"]
[SourceTitle "playchess.com"]
[Source "ChessBase"]
[SourceQuality "1"]
[TimeControl "40/5400+30:1800+30"]

1. e4 {[%emt 0:00:00]} c5 {[%emt 0:00:00]} 2. Nf3 {[%emt 0:00:00]} Nc6 {[%emt 0:00:00]} 3. b3 {[%emt 0:00:00]} e5 {[%emt 0:00:00]} 4. Bb2 {[%emt 0:00:16]} d6 {[%emt 0:00:00]} 5. g3 {[%emt 0:07:39]} g6 {[%emt 0:02:32]} 6. Bg2 {[%emt 0:00:33]} Bg7 {[%emt 0:00:05]} 7. c3 {[%emt 0:01:58]} Nge7 {[%emt 0:02:14]} 8. O-O {[%emt 0:03:06]} O-O {[%emt 0:00:40]} 9. h3 $146 {[%emt 0:15:31] A04: Unusual lines after 1 Nf3 and King's Indian Attack} ({Predecessor:} 9. d4 exd4 10. cxd4 Bg4 11. Nbd2 Nxd4 12. Bxd4 Bxd4 13. Rc1 Qd7 14. h3 Bxf3 15. Nxf3 Nc6 16. Nxd4 Nxd4 {0-1 (38) Wohl,A (2360)-Jamieson,R (2455) Melbourne 1993}) 9... d5 {[%emt 0:02:36]} 10. exd5 {[%emt 0:04:22]} Nxd5 {[%emt 0:00:07]} 11. Re1 {[%emt 0:00:15]} Re8 {[%emt 0:04:25]} 12. d3 {[%emt 0:08:31]} Bf5 {[%emt 0:06:17]} 13. Nh4 {[%emt 0:08:50]} Be6 {[%emt 0:00:57]} 14. Nf3 $1 {[%emt 0:00:52]} f5 {[%emt 0:13:15]} 15. Nbd2 {[%emt 0:09:51]} Bf7 {[%emt 0:02:09]} 16. Qc1 {[%emt 0:08:42]} h6 {[%emt 0:02:03]} 17. Nc4 {[%emt 0:02:01]} Qd7 {[%emt 0:06:54]} 18. Qc2 {[%emt 0:02:25]} Rad8 {[%emt 0:01:38]} 19. Rad1 {[%emt 0:00:21]} b5 {[%emt 0:05:49]} 20. Ne3 {[%emt 0:01:24]} Nxe3 {[%emt 0:00:28]} 21. fxe3 {[%emt 0:00:36]} Qc7 {[%emt 0:08:16]} 22. e4 {[%emt 0:06:07]} fxe4 {[%emt 0:02:11]} 23. dxe4 c4 24. b4 {[%emt 0:02:13]} a5 {[%emt 0:00:27]} 25. a3 {[%emt 0:00:17]} Be6 {[%emt 0:03:40]} 26. Bc1 {[%emt 0:00:30]} Rf8 {[%emt 0:00:39]} 27. Kh2 {[%emt 0:02:26]} g5 {[%emt 0:08:44]} 28. Qe2 {[%emt 0:00:54]} axb4 {[%emt 0:00:22]} 29. axb4 {[%emt 0:00:01]} Ra8 {[%emt 0:06:55]} 30. Qe3 {[%emt 0:04:29]} Bf6 {[%emt 0:03:44]} 31. Rd2 {[%emt 0:04:25]} Kg7 {[%emt 0:02:42]} 32. Red1 {[%emt 0:01:34]} Be7 {[%emt 0:00:05]} 33. h4 {[%emt 0:05:32]} Rh8 {[%emt 0:02:09]} 34. Rf2 {[%emt 0:00:17]} g4 {[%emt 0:00:20]} 35. Ne1 {[%emt 0:00:41]} Qa7 {[%emt 0:01:05]} 36. Nc2 {[%emt 0:00:26]} Qc7 {[%emt 0:06:34]} 37. Rfd2 {[%emt 0:00:42]} Ra2 {[%emt 0:04:41]} 38. Qe2 {[%emt 0:00:25]} Rd8 {[%emt 0:00:26]} 39. Ne3 {[%emt 0:00:01]} Raxd2 {[%emt 0:00:34]} 40. Rxd2 {[%emt 0:00:00]} Rxd2 {[%emt 0:00:00]} 41. Bxd2 {[%emt 0:01:06]} h5 {[%emt 0:18:00]} 42. Nd5 {[%emt 0:02:21]} Qd6 {[%emt 0:00:29]} 43. Qe3 {[%emt 0:00:54]} (43. Qf2 $16) 43... Bxd5 {[%emt 0:02:43]} 44. exd5 {[%emt 0:00:02]} Nd8 {[%emt 0:00:06]} 45. Qa7 {[%emt 0:01:11]} Nf7 {[%emt 0:00:45]} 46. Qb7 {[%emt 0:06:19]} Qf6 {[%emt 0:02:56]} 47. Be3 {[%emt 0:06:48]} ({Inferior is} 47. Qxb5 Qf2 $17) 47... Nd6 {[%emt 0:02:49]} 48. Qd7 {[%emt 0:00:02]} Qf7 {[%emt 0:00:26]} 49. Bc5 {[%emt 0:11:46]} Qf6 {[%emt 0:00:08]} 50. Bxd6 {[%emt 0:02:02]} Qxd6 {[%emt 0:00:02]} 51. Qxb5 {[%emt 0:00:48]} e4 {[%emt 0:01:18]} 52. Qxc4 {[%emt 0:00:02]} Bxh4 {[%emt 0:00:18]} 53. Qd4+ {[%emt 0:00:01]} Bf6 {[%emt 0:01:45]} 54. Qa7+ {[%emt 0:01:30]} Kf8 {[%emt 0:00:42]} 55. Qa8+ {[%emt 0:03:13]} Ke7 {[%emt 0:01:00]} 56. Qb7+ {[%emt 0:00:17]} Kd8 {[%emt 0:00:34]} 57. Qa8+ {[%emt 0:01:13]} Ke7 {[%emt 0:00:14]} 58. Qb7+ $11 {[%emt 0:00:22]} 1/2-1/2

[Event "WYCC 2018 O18"]
[Site "Halkidiki"]
[Date "2018.10.21"]
[Round "2"]
[White "Bilic, Milanko"]
[Black "Petersson, Baldur Teodor"]
[Result "0-1"]
[WhiteElo "2009"]
[BlackElo "2195"]
[Annotator "NA"]
[PlyCount "48"]
[EventDate "2018.10.20"]
[EventType "swiss"]
[EventCountry "GRE"]
[SourceTitle "playchess.com"]
[Source "ChessBase"]
[SourceQuality "1"]
[TimeControl "40/5400+30:1800+30"]

1. e4 {[%emt 0:00:00]} c5 {[%emt 0:00:00]} 2. Nf3 {[%emt 0:00:03]} e6 {[%emt 0:00:00]} 3. d4 {[%emt 0:00:34]} cxd4 {[%emt 0:00:00]} 4. Nxd4 {[%emt 0:00:06]} a6 {[%emt 0:00:15]} 5. Nc3 {[%emt 0:00:08]} Qc7 {[%emt 0:00:56]} 6. Bd3 {[%emt 0:00:09]} Nc6 {[%emt 0:03:42]} 7. Nxc6 {[%emt 0:09:22]} bxc6 {[%emt 0:02:50]} 8. Qe2 {[%emt 0:01:52]} Nf6 {[%emt 0:09:37]} 9. O-O {[%emt 0:10:15]} d5 {[%emt 0:02:13]} 10. Bg5 {[%emt 0:07:45] LiveBook: 39 Games} d4 {[%emt 0:10:07]} 11. e5 {[%emt 0:10:20]} dxc3 {[%emt 0:07:14]} 12. exf6 {[%emt 0:00:28]} Qa5 {[%emt 0:07:29]} 13. Bh4 {[%emt 0:14:27]} cxb2 {[%emt 0:05:32]} 14. Rad1 {[%emt 0:06:12]} Bd7 $18 {[%emt 0:04:19]} (14... g6 $16) 15. Be4 {[%emt 0:03:37]} g6 {[%emt 0:09:39]} 16. c4 {[%emt 0:11:30]} Rb8 {[%emt 0:06:01]} 17. Bg3 {[%emt 0:02:09]} Rb7 {[%emt 0:00:44]} 18. Rd2 {[%emt 0:04:58]} Qc3 {[%emt 0:12:25]} 19. Rfd1 {[%emt 0:01:19]} Bh6 {[%emt 0:00:47]} 20. Rd4 {[%emt 0:07:40]} Bc1 {[%emt 0:10:04]} 21. R1d3 {[%emt 0:06:16]} b1=Q {[%emt 0:02:03]} 22. Rxc3 {[%emt 0:00:12]} Qa1 {[%emt 0:00:07]} 23. Rcd3 {[%emt 0:00:34]} Bd2+ {[%emt 0:00:14]} 24. Qf1 {[%emt 0:01:12]} Rb1 {[%emt 0:00:09]} 0-1

[Event "WYCC 2018 O18"]
[Site "Halkidiki"]
[Date "2018.10.21"]
[Round "2"]
[White "Manu David Suthandram R"]
[Black "Nguyen, Thai Dai Van"]
[Result "1/2-1/2"]
[WhiteElo "1970"]
[BlackElo "2556"]
[Annotator "TA"]
[PlyCount "141"]
[EventDate "2018.10.20"]
[EventType "swiss"]
[EventCountry "GRE"]
[SourceTitle "playchess.com"]
[Source "ChessBase"]
[SourceQuality "1"]

{[%evp 17,141,10,24,7,8,10,10,8,8,0,0,-37,-30,-29,-22,-16,-6,-6,-8,-16,-15,-15,-15,-15,-13,-22,-22,-44,-22,-24,-19,-19,-29,-86,-82,-81,-78,-129,-120,-130,-72,-99,-107,-84,-95,-112,-106,-114,-116,-105,-118,-117,-114,-114,-103,-113,-112,-113,-54,-50,-30,-18,-3,-4,-4,-8,-4,-8,-8,-6,-6,-8,-8,-8,-8,-8,0,-8,-8,-8,-6,-8,-8,-8,0,-11,-8,-14,-14,-35,0,-14,-21,-23,0,-12,-14,-52,-5,-8,-9,-41,-8,-8,-8,-8,-8,-8,-8,-8,0,0,0,0,0,0,0,0,0,0,0,0,0,0,0,0]} 1. e4 c5 2. Nf3 d6 3. c3 Nf6 4. Bc4 Nc6 5. d3 g6 6. O-O Bg7 7. h3 O-O 8. Bb3 e5 {B50: Sicilian: 2...d6, Miscellaneous} (8... b5 9. d4 cxd4 10. cxd4 Bb7 11. Qe2 Na5 12. Bc2 Rc8 13. Bd3 a6 14. Nc3 b4 15. Na4 Bc6 16. b3 {1-0 (32) Morozevich,A (2656)-Gabrielian,A (2499) Sochi 2018}) 9. Re1 d5 {LiveBook: 10 Games} 10. exd5 Nxd5 11. Na3 $146 ({Predecessor:} 11. Bg5 f6 12. Be3 b6 13. d4 exd4 14. cxd4 Kh8 15. Bxd5 Qxd5 16. Nc3 {1-0 (50) Solomunovic,I (2424)-Lupulescu,C (2543) Sozina 2004}) 11... Nf4 12. d4 cxd4 13. cxd4 Bf5 14. Bc2 (14. dxe5 {is more complex.} Qxd1 15. Rxd1 Ne2+ 16. Kf1 Nxc1 17. Raxc1 Nxe5 18. Nxe5 Bxe5 19. Nc4) 14... Bxc2 15. Nxc2 {[%cal Rf3e5]} Rc8 16. dxe5 Qxd1 17. Rxd1 Nxe5 18. Nxe5 Ne2+ 19. Kf1 Rxc2 20. Nd3 $1 Nxc1 21. Raxc1 Rfc8 22. b4 Bf8 23. a3 R2c3 24. Rxc3 Rxc3 $11 {[%mdl 4096] Endgame KRB-KRN} 25. a4 (25. Ne5 $11) 25... Ra3 $17 26. a5 Rb3 27. a6 (27. Ke2 $142) 27... bxa6 28. Ke2 Ra3 ({Black should play} 28... Bxb4 29. Nxb4 Rxb4) 29. f4 a5 30. bxa5 Rxa5 31. Ne5 f6 32. Ng4 Kf7 33. Rd7+ {[#]} Be7 $1 34. Ne3 Ke6 35. Rc7 Ra2+ 36. Kf3 Ra3 37. Ke2 f5 ({Black should try} 37... Bd6 $17 38. Rc4 f5) 38. g4 $15 Ra2+ 39. Kf3 Bh4 {[%csl Gh4][%cal Ra2f2] [#]} 40. gxf5+ gxf5 {[%csl Gh4][%cal Ra2f2]} 41. Nc2 Bf6 42. Rc6+ Kf7 43. Ne3 Ra3 {And now ...Bd4 would win.} 44. Ke2 a5 45. Nxf5 Rxh3 46. Nd6+ Kf8 47. Nc4 Bd8 48. Rc8 Ke7 49. Ra8 Rc3 50. Ne3 Rc5 51. Kd3 h5 52. Kd4 Rc1 53. Ra7+ Ke6 {Hoping for ...Bb6+.} 54. Ra6+ Kf7 55. Ra7+ Ke6 {Strongly threatening ...Bb6+.} 56. Ra6+ Kd7 57. Nc4 h4 58. Ne5+ Ke8 59. Rh6 a4 {White must now prevent ...a3.} 60. Rh8+ {The position is equal.} Ke7 {aiming for ...a3.} 61. Rxh4 a3 {Threatens to win with ...a2.} 62. Rh2 Ke6 63. Ra2 Be7 64. Nc4 Bf6+ 65. Kc5 Be7+ 66. Kd4 Bf6+ 67. Kc5 Kf5 68. Kb5 Rb1+ 69. Kc6 Rc1 70. Kb5 Rb1+ 71. Kc6 {Precision: White = 58%, Black = 59%.} 1/2-1/2

[Event "WYCC 2018 O18"]
[Site "Halkidiki"]
[Date "2018.10.21"]
[Round "2"]
[White "Kadianis, Georgios"]
[Black "Ranaldi, Lucas"]
[Result "1-0"]
[WhiteElo "1928"]
[BlackElo "2335"]
[Annotator "TA"]
[PlyCount "111"]
[EventDate "2018.10.20"]
[EventType "swiss"]
[EventCountry "GRE"]
[SourceTitle "playchess.com"]
[Source "ChessBase"]
[SourceQuality "1"]

{[%evp 24,111,3,6,7,0,9,7,43,20,75,64,68,55,115,77,67,76,138,146,231,234,196,127,118,94,147,116,135,137,133,128,158,137,153,129,130,139,150,133,158,155,153,113,172,106,110,106,174,155,203,220,197,190,246,151,293,166,238,228,305,289,294,258,468,449,388,269,387,383,420,401,592,585,652,650,548,540,937,925,945,921,787,774,740,744,1092,1022,1097,1044]} 1. e4 c6 2. d4 d5 3. Nc3 dxe4 4. Nxe4 Bf5 5. Ng3 Bg6 6. Nf3 Nd7 7. Bd3 Ngf6 8. O-O e6 9. Re1 Be7 10. c4 Qc7 11. Qe2 Bxd3 12. Qxd3 O-O 13. Bd2 Rfd8 {B18: Classical Caro-Kann: 4...Bf5 sidelines} (13... Rfe8 14. Bc3 Rad8 15. Rad1 h6 16. h3 a6 {½-½ (16) Liamtsau,V (2184)-Buzas,G (2242) LSS email 2012}) 14. Bc3 $146 ({Predecessor:} 14. Qe2 Nf8 15. Bc3 Ng6 16. Ne5 Bf8 17. Nxg6 hxg6 18. Rad1 Rd7 19. Rd2 Rad8 20. Red1 Qf4 21. Rd3 Qh4 22. Nf1 Qe4 23. Re3 Qh4 24. Rh3 Qe4 25. Re3 Qh4 26. Rh3 Qe4 {½-½ (26) Maroczy,G-Opocensky,K Sliac 1932}) 14... a5 15. Rad1 Nc5 {The position is equal.} 16. Qc2 (16. Qb1 {looks sharper.} Na4 17. Bd2 Nb6 18. Qc1 Bb4 19. Bf4) 16... Na6 (16... Ncd7 $11 {keeps the balance.}) 17. Qe2 a4 18. Ne5 Rab8 (18... a3 $14) 19. Ne4 Nxe4 20. Qxe4 Bb4 (20... Re8 $142) 21. Rd3 $16 Bxc3 (21... Qe7 $16 {was worth a try.} 22. Rh3 h6) 22. bxc3 $18 (22. Rxc3 $6 Qe7 $16) 22... Qe7 23. Rf3 (23. Rh3 $18 g6 24. Ng4) 23... Rf8 24. Qc2 (24. Rh3 {seems wilder.} g6 25. Rb1 Rfd8 26. Rg3 Nc7 27. Rb6) 24... Nc7 (24... f6 $142) 25. Qxa4 Ra8 26. Qb3 f6 27. Nd3 Qd6 28. Nf4 Rfe8 29. c5 (29. Qxb7 $2 Reb8 $19) 29... Qd7 30. h3 (30. Qxb7 $2 Reb8 $19) 30... Nd5 31. Nh5 $36 {[%mdl 2048] White is on the roll.} Rf8 32. Ng3 f5 33. Nf1 Ra7 (33... Rfb8 $16) 34. Rb1 (34. Ne3 $18) 34... Rfa8 $16 35. Rb2 Qc7 (35... g6 $16) 36. Nd2 Kh8 37. Nc4 Qe7 38. Nd6 h6 (38... Ra3 $142 39. Qxb7 Qxb7 40. Rxb7 Rxc3 41. Nf7+ Kg8) 39. Re2 {Hoping for Nxf5!} Qf6 (39... Ra3 $16 40. Qxb7 Qxb7 41. Nxb7 Rxc3) 40. Nc4 (40. c4 $142 Nc7 41. Rd3) 40... Kh7 (40... Qg5 {might work better.} 41. Nd6 (41. Rxe6 Nf4 $11) 41... Qc1+ 42. Kh2 Nc7) 41. Nb6 $18 Ra3 42. Nxd5 ({Worse is} 42. Nxa8 Rxb3 43. axb3 Qg5 $14) 42... exd5 43. Qb1 R8a7 $2 {[#]} (43... Qf7 {was called for.} 44. Qxf5+ (44. Rxf5 Qg6 $18) 44... Qxf5 45. Rxf5 Rxc3) 44. g4 Qg6 45. Qxf5 Rxa2 (45... Qxf5 $142 46. gxf5 (46. Rxf5 Rxa2 47. Re6 Kg8 $16) 46... Kg8) 46. Re7 Qxf5 47. gxf5 {[%mdl 4096] [#] Endgame Strongly threatening Rg3. KRR-KRR} ({Not} 47. Rxf5 b5 $16) 47... Ra1+ (47... Kh8 $142 48. Rc7 Ra8) 48. Kg2 {Black must now prevent Rg3.White is clearly winning.} Kh8 49. f6 gxf6 50. Rxf6 {[%cal Rf6f8]} Ra8 51. Rxh6+ Kg8 52. Rxb7 R1a2 53. Rg6+ Kh8 54. Rf7 Rg8 55. Rxg8+ Kxg8 56. Rc7 {Precision: White = 69%, Black = 28%.} 1-0

[Event "WYCC 2018 O18"]
[Site "Halkidiki"]
[Date "2018.10.21"]
[Round "2"]
[White "Jain, Gautam"]
[Black "Burovic, Rijad"]
[Result "0-1"]
[WhiteElo "1905"]
[BlackElo "2380"]
[Annotator "TA"]
[PlyCount "144"]
[EventDate "2018.10.20"]
[EventType "swiss"]
[EventCountry "GRE"]
[SourceTitle "playchess.com"]
[Source "ChessBase"]
[SourceQuality "1"]

{[%evp 10,143,16,14,56,25,52,4,40,5,40,-15,-17,-20,0,-20,-18,-25,-18,-48,-16,-22,-22,-91,-90,-99,-22,-33,-27,-33,-4,-53,-43,-35,-35,-34,-18,-28,-22,-21,-21,-37,-12,-7,-10,-31,-35,-35,0,-24,0,-34,-23,-35,-20,-44,-33,-33,-31,-20,-13,-29,-29,-29,-29,-25,-32,-28,-20,-135,-31,-42,-29,-35,-28,-32,-24,-25,-26,-38,-28,-27,-28,-49,-54,-80,-84,-90,-87,-91,-49,-79,-31,-124,-131,-125,-48,-317,-315,-345,-348,-347,-350,-445,-439,-394,-366,-497,-497,-697,-677,-700,-703,-687,-392,-684,-680,-869,-859,-883,-829,-1144,-681,-7290,-7247,-6201,-6374,-5107,-1027,-959,-879,-5225,-3101,-5210,-5093,-29999]} 1. d4 d6 2. g3 g6 3. Bg2 Bg7 4. Nf3 Nd7 5. O-O e5 6. e4 Nh6 {A41: 1 d4 d6: Tartakower System and Modern Defence} 7. Bd2 $146 ({Predecessor:} 7. c3 O-O 8. Nbd2 f5 9. dxe5 dxe5 10. exf5 gxf5 11. Nc4 Nf7 12. Nh4 Nb6 13. Qxd8 Nxd8 14. Ne3 {½-½ (27) Jovanovic,B (2190)-Kadric,D (2535) Veliko Gradiste 2017}) 7... f6 8. dxe5 dxe5 {The position is equal.} 9. Bb4 Bf8 (9... Nf7 {looks sharper.} 10. Qd5 Nb6 11. Qb5+ Bd7 12. Qe2 a5) 10. Bxf8 ({White should try} 10. a3 $14) 10... Kxf8 $11 11. Nc3 Kg7 12. Qe2 c6 13. Rad1 Qe7 14. Nd2 Nb6 15. Rfe1 Be6 16. Qf1 (16. Qe3 $11 {remains equal.}) 16... Qb4 $17 17. Rb1 {[#]} Nc4 (17... Bxa2 $1 $17 {[%mdl 512]} 18. Nxa2 Qxd2) 18. a3 $11 Qc5 19. Nb3 Qe7 20. Bh3 (20. Nd5 $5 cxd5 21. exd5 $11) 20... Bf7 21. Red1 Rhd8 22. Qe2 Rxd1+ (22... b6 {keeps more tension.} 23. Rd3 a5 24. Nc1 b5 25. Rxd8 Rxd8 26. Nd3 a4) 23. Rxd1 Rd8 24. Rxd8 Qxd8 25. Nd1 Qb6 26. Qd3 a5 27. Qc3 Qd8 28. Qe1 Qb6 29. Qc3 Qd8 30. Qe1 $1 b6 31. Nc1 Qd4 32. c3 Qd6 33. Qe2 Qc5 34. Nd3 Qb5 35. Bd7 Nd6 {Hoping for ...Bc4.} 36. f3 Bc4 37. N1f2 Nhf7 38. Qd2 Kf8 39. Nc1 {[#]} (39. h4 $11 {keeps the balance.}) 39... Ke7 (39... f5 $1 $17 {Threatens to win with ...Ke7.} 40. b3 Bxb3 41. Nxb3 Qxb3 42. Bxc6 Qxa3) 40. Bh3 $15 Ng5 41. Bg2 $1 Be6 {And now ...Nc4 would win.} 42. h4 Nc4 43. Qe2 {Strongly threatening b3.} Nf7 $36 {[%mdl 2048] Black is more active.} 44. Nd1 Qc5+ 45. Kh2 Qd6 46. Bh3 Qd2 47. Bxe6 Qxe2+ 48. Nxe2 Kxe6 {[%mdl 4096] Endgame KNN-KNN} 49. Kg2 b5 50. Kf2 h5 51. g4 (51. Nc1 $1 $15) 51... hxg4 $17 52. fxg4 Nh6 (52... Nfd6 $17 53. Ng3 a4) 53. g5 $2 {[%mdl 8192] [#]} (53. Kf3 $1 $15) 53... fxg5 $1 $19 54. hxg5 Nf7 55. Ng3 Nxg5 56. Ke2 a4 57. Kd3 Kf6 58. Kc2 Ne6 59. b3 (59. Nf2 $142 Kg5 60. Nd3) 59... axb3+ 60. Kxb3 Nc5+ 61. Kb4 Nd3+ 62. Kb3 Kg5 63. Ne2 Kg4 64. Kc2 Nc5 65. Nb2 Nxa3+ 66. Kd2 Kf3 67. Ng1+ Kg2 68. Ne2 Kf2 (68... Nc4+ $142 69. Nxc4 bxc4) 69. Nd1+ Kf3 70. Ng1+ Kg2 71. Ne2 Nc4+ 72. Ke1 Nd3# {Precision: White = 25%, Black = 46%.} 0-1

[Event "WYCC 2018 O18"]
[Site "Halkidiki"]
[Date "2018.10.21"]
[Round "3"]
[White "Hakobyan, Aram"]
[Black "Janik, Igor"]
[Result "0-1"]
[WhiteElo "2565"]
[BlackElo "2453"]
[Annotator "TA"]
[PlyCount "168"]
[EventDate "2018.10.20"]
[EventType "swiss"]
[EventCountry "GRE"]
[SourceTitle "playchess.com"]
[Source "ChessBase"]
[SourceQuality "1"]

{[%evp 22,168,25,35,33,19,27,25,33,7,8,13,38,37,62,70,71,47,46,41,58,38,48,33,47,4,39,31,61,37,55,27,41,35,54,58,50,58,56,-2,32,24,31,22,27,19,37,30,25,0,37,43,41,35,40,58,56,6,58,-10,44,8,37,0,0,0,0,0,0,0,0,-3,26,25,22,12,12,0,15,14,15,-51,0,0,0,0,0,0,15,6,0,0,0,0,42,0,0,0,62,56,45,45,55,0,0,0,0,0,0,0,0,0,0,0,0,-22,-22,-20,-17,-43,-43,-78,-75,-257,-124,-250,-250,-390,-381,-356,-173,-1189,-1175,-1173,-1173,-1147,-1126,-906,-1099,-1081,-955,-6220,-4577,-5762,-5723,-29981,-29982,-29983,-29984]} 1. d4 Nf6 2. Nf3 e6 3. Bf4 c5 4. e3 cxd4 5. exd4 Be7 6. c3 O-O 7. Bd3 b6 8. Qe2 Bb7 9. h3 d6 10. O-O Nbd7 11. Nbd2 Re8 {A47: 1 d4 Nf6 2 Nf3 b6: Torre, London and Colle Systems} (11... a6 12. a4 Re8 13. Bh2 h6 14. Rfe1 Bf8 15. Nc4 Qc7 16. Ne3 Nd5 17. Nxd5 Bxd5 18. Bxa6 Bxf3 19. gxf3 {1-0 (34) Carlsen,M (2837)-Akobian,V (2647) Riadh 2017}) 12. Bh2 {LiveBook: 18 Games} Nf8 13. Rfe1 Ng6 {The position is equal.} 14. Ng5 Qd7 $146 ({Predecessor:} 14... Bf8 15. Bb5 Re7 16. Nge4 Nxe4 17. Nxe4 a6 18. Ba4 b5 19. Bb3 {1-0 (29) Ghijsen,P (2259)-Wuensch,U (2109) Bad Sooden 2011}) 15. Nde4 Nxe4 16. Nxe4 d5 17. Nd2 Bd6 18. Bxd6 Qxd6 19. Qh5 (19. Bxg6 $5 hxg6 20. Nf3 $14) 19... Nf8 20. Nf3 f6 21. Re3 Bc6 22. Rae1 Re7 23. Nh2 Be8 24. Qg4 Bf7 25. Nf1 Rc7 26. Qf3 (26. a3 {is more complex.} Re7 27. Ng3 Ree8 28. Bb5 Red8 29. Nh5) 26... Rb8 27. Nd2 Re8 28. h4 {[%cal Bh3h4,Bh4h5][%mdl 32]} Rce7 29. Bb5 Rd8 30. Nf1 (30. Qe2 $14) 30... Ng6 31. h5 Nh4 32. Qh3 Nf5 33. R3e2 Qf4 34. Bd3 Nd6 35. Ne3 Ree8 36. Ng4 h6 37. Bg6 {g3 is the strong threat.} Bxg6 38. hxg6 Ne4 39. Qh5 Ng5 (39... b5 $11) 40. Kf1 (40. f3 $14) 40... Qf5 (40... b5 $11) 41. Ne3 (41. a3 {is interesting.} a5 42. f3 b5 43. Nf2 Ne4 44. Qh2) 41... Qd3 42. Rd1 Qa6 43. a3 b5 44. Rde1 Qd6 45. Kg1 a5 46. Qg4 Kf8 47. Nf1 b4 48. cxb4 axb4 49. a4 Ra8 50. b3 Rac8 51. Nd2 ({White should play} 51. Ng3 $11) 51... Qb6 (51... f5 $15 52. Qh4 Rc3) 52. Nf3 $11 Ne4 53. Nd2 f5 54. Qf4 {[%cal Rd2e4]} Kg8 55. Nf3 Rc3 56. Re3 Rec8 57. Qe5 Kf8 58. Qf4 Rxe3 59. Qxe3 Rc3 ({Black should try} 59... Ke7 $11) 60. Qf4 $1 $14 Qc7 61. Qxc7 Rxc7 {[%mdl 4096] Endgame KRN-KRN} 62. Ne5 (62. a5 $14) 62... Nd2 $11 63. Nd3 {Black must now prevent Nc5.} Nxb3 {Threatens to win with ...Rc3.} 64. Rxe6 Nxd4 65. Rb6 b3 66. a5 Rc6 67. Rb4 Rc4 68. Rb8+ Ke7 {Black wants to play ...Ra4.} 69. a6 Ra4 70. Rb7+ Kf6 71. Rb6+ Kg5 72. g3 $2 {[#]} (72. Kh2 $17 {is a better defense.}) 72... Nf3+ (72... Kg4 $1 $19 {Strongly threatening ...Ra1+.} 73. Kg2 Nf3) 73. Kg2 {[#]} (73. Kf1 $17 {was the only defense.}) 73... Kg4 $1 $19 {Hoping for ...Ra1.} 74. Nf4 (74. Rxb3 $142 Ra1 75. Nc1 Ne1+ 76. Kf1) 74... Ra1 {[%csl Gf3][%cal Ra1g1]} 75. Ne2 Ne1+ (75... d4 $142 76. Rxb3 Ne1+ 77. Kg1 d3 78. Rb4+ Kh5) 76. Kf1 $2 {[#]} (76. Kh2) 76... b2 $1 {[%mdl 512]} 77. a7 (77. Rxb2 Nd3+) 77... Nd3+ 78. Kg2 Rxa7 79. f3+ Kg5 80. Kh3 Ra1 81. f4+ Kh5 82. g4+ fxg4+ 83. Kg2 Kh4 84. Nd4 Nxf4+ {Precision: White = 42%, Black = 47%.} 0-1

[Event "WYCC 2018 O18"]
[Site "Halkidiki"]
[Date "2018.10.21"]
[Round "3"]
[White "Nguyen, Thai Dai Van"]
[Black "Kadianis, Georgios"]
[Result "1-0"]
[WhiteElo "2556"]
[BlackElo "1928"]
[Annotator "TA"]
[PlyCount "49"]
[EventDate "2018.10.20"]
[EventType "swiss"]
[EventCountry "GRE"]
[SourceTitle "playchess.com"]
[Source "ChessBase"]
[SourceQuality "1"]

{[%evp 22,49,345,337,343,336,340,324,331,345,340,350,342,339,378,371,444,432,426,423,595,593,599,582,566,584,626,614,603,602]} 1. e4 e5 2. Nf3 Nc6 3. Bb5 a6 4. Ba4 Nf6 5. O-O Be7 6. Re1 b5 7. Bb3 d6 8. c3 O-O 9. h3 Nb8 10. d4 Nbd7 11. Nbd2 {[%cal Bb1d2,Bd2f1,Bf1g3][%mdl 32]} Re8 {[#] C95: Closed Ruy Lopez: Breyer Variation with 10 d4} (11... Bb7 12. Bc2 Re8 13. Nf1 Bf8 14. Ng3 g6 15. b3 c6 16. a4 Qc7 17. Bg5 Bg7 18. Qd2 Nf8 19. Bh6 Ne6 20. Bxg7 Kxg7 21. Rad1 Rad8 22. b4 Bc8 23. Bb3 Nf4 {1-0 (45) Duda,J (2737)-Karjakin,S (2773) chess.com INT 2018}) 12. Bxf7+ $1 {[%mdl 512] LiveBook: 3 Games} Kh8 (12... Kxf7 13. Ng5+) 13. Bxe8 Qxe8 {White has a decisive advantage.} 14. a4 Rb8 $146 ({Predecessor:} 14... Bb7 15. axb5 axb5 16. Rxa8 Qxa8 17. Qb3 Bc6 18. Qe6 Qe8 19. Ng5 {1-0 (30) Wegener,D (2312)-Havlik,J (2109) Aschach 2003}) 15. axb5 axb5 16. Nf1 Bb7 17. Ng3 Qg6 18. Qe2 c5 19. dxe5 {White is clearly winning.} dxe5 20. Qxb5 Bxe4 {[#]} (20... Qe8 {keeps fighting.} 21. Qc4 Qg8 22. Qxg8+ Kxg8) 21. Nxe5 $1 $18 Rxb5 (21... Nxe5 22. Qxb8+) 22. Nxg6+ Bxg6 23. Rxe7 h5 24. Ra7 h4 25. Nf1 1-0